000 nam a22 7a 4500
999 _c10130
_d10130
008 180212b ||||| |||| 00| 0 eng d
100 _aTrivedi B K
_96147
245 _aWork book : maths class - II
260 _aNew Delhi
_bJiwan Publication
_c2013